| 000 | 00525nam a22001817a 4500 | ||
|---|---|---|---|
| 005 | 20251108175211.0 | ||
| 008 | 250721s1996 xx 000 0 ara d | ||
| 082 | 1 | 4 | _a923.1/عبا |
| 100 | 1 | _aالعبادي، محمد يونس | |
| 245 | 1 | 0 | _aالامير شاكر بن زيد (1885 - 1934) / |
| 264 | 1 |
_aعمان _ الاردن : _bوزارة الثقافة، _c1996. |
|
| 300 | _a218ص. | ||
| 650 | 1 | 7 | _aالتراجم |
| 650 | 1 | 7 | _aالاردن |
| 653 | _aالامراء | ||
| 942 |
_2ddc _cBK |
||
| 999 |
_c128543 _d128543 |
||